000
00255nam a22001217a 4500
008
170628b xxu||||| |||| 00| 0 eng d
041
_a
eng
080
_a
821
100
_a
21
101
_a
GJL
245
_a
THE AGE OF FAITH
_c
DURANT, W
942
_2
udc
_c
BK
999
_c
19346
_d
19346